Ley 1420; educación común y decreto reglamentario /

Guardado en:
Formato: Libro
Publicado: San Miguel : Organización Escolar San Miguel, 0
Materias:
Etiquetas: Agregar Etiqueta
Sin Etiquetas, Sea el primero en etiquetar este registro!
LEADER 00745nam a22002175a 4500
001 CEM.cems000661
005 20060210000000.0
008 130507b######################000#0#####d
003 CEMS
082 0 4 |a 379.14 
245 0 0 |a Ley 1420; educación común y decreto reglamentario / 
260 |a San Miguel :  |b Organización Escolar San Miguel, 0 
300 |a 36 p. 
653 |a Buenos aires (prov.) 
653 |a Educacion 
653 |a Educacion argentina 
653 |a Educacion provincial 
653 |a Educacion-legislacion 
859 |a CEMS  |b BIB. CEMS - 11 de abril  |h 379.14  |i Ar37-3  |p 16285.91  |t Ej.1 
859 |a CEMS  |b BIB. CEMS - 11 de abril  |h 379.14  |i Ar37-3  |p 16286.91  |t Ej.2 
859 |a CEMS  |b BIB. CEMS - 11 de abril  |h 379.14  |i Ar37-3  |p 16287.91  |t Ej.3